Detekovanie intonačných príznakov v rečovom korpuse
Saved in:
| Main Author: | |
|---|---|
| Other Authors: | |
| Format: | Manuscript Book |
| Language: | Slovak |
| Published: |
Bratislava :
STU v Bratislave FEI,
2005
|
| Subjects: | |
| Tags: |
No Tags, Be the first to tag this record!
|
MARC
| LEADER | 00000ntm a22000003a 4500 | ||
|---|---|---|---|
| 001 | stu95396 | ||
| 005 | 20150617225814.3 | ||
| 008 | 050825s2005----xo------------------slo-d | ||
| 040 | |a STU |b slo | ||
| 041 | 0 | |a slo | |
| 044 | |a xo | ||
| 100 | 1 | |a Rozinaj, Gregor, |d 1957- |4 ths |u E070 |U FEI Fakulta elektrotechniky a informatiky |T FEI Ústav telekomunikácií |X 1945 |U E070 |Y 818 |7 A000001945 | |
| 245 | 1 | |a Detekovanie intonačných príznakov v rečovom korpuse | |
| 260 | |a Bratislava : |b STU v Bratislave FEI, |c 2005 | ||
| 300 | |a 58 s | ||
| 650 | 7 | |a Telekomunikácie |2 stusub | |
| 700 | 1 | |a Páleník, Andrej, |d 1979- |4 aut |u E240 |U FEI Fakulta elektrotechniky a informatiky |T FEI Katedra telekomunikácií |X 10146 |U E240 |Y 72 |7 A000010146 | |